000 00304nam a2200133Ia 4500
008 100328s9999 xx 000 0 und d
082 _b16623
100 _aJones Earnest
245 _aSigmond Freud
260 _bPenguing Books
630 _aSigmond Freud
730 _aSigmond Freud
942 _cBOOK
999 _c511264
_d511261